سکون قلب (Record no. 553924)

000 -LEADER
fixed length control field 00329nam a22001217a 4500
082 ## - DEWEY DECIMAL CLASSIFICATION NUMBER
Classification number 297
Author Mark Thanvi
-- Masjid
100 ## - MAIN ENTRY--PERSONAL NAME
Personal name Hakeem ul Ummat Maulana Ashraf Ali Thanvi
9 (RLIN) 51163
245 ## - TITLE STATEMENT
Title سکون قلب
260 ## - PUBLICATION, DISTRIBUTION, ETC.
Place of publication, distribution, etc. Lahore
Name of publisher, distributor, etc. Islami Kutab Khana
300 ## - PHYSICAL DESCRIPTION
Extent 448
526 ## - STUDY PROGRAM INFORMATION NOTE
Program name 0
Interest level 0
Reading level 0
Title point value 297_000000000000000_THANVI
942 ## - ADDED ENTRY ELEMENTS (KOHA)
Source of classification or shelving scheme
Koha item type Book
Holdings
Withdrawn status Lost status Source of classification or shelving scheme Damaged status Not for loan Permanent Location Current Location Date acquired Total Checkouts Total Renewals Full call number Barcode Date last seen Date last checked out Price effective from Koha item type
          Military College of Engineering (MCE) Military College of Engineering (MCE) 07/18/2017 3 2 297 Thanvi MCE-222M 11/24/2020 10/27/2020 07/18/2017 Book
© 2023 Central Library, National University of Sciences and Technology. All Rights Reserved.